| 000 | 01412nam a22002297a 4500 | ||
|---|---|---|---|
| 005 | 20260123084949.0 | ||
| 008 | 230714b ||||| |||| 00| 0 eng d | ||
| 040 |
_cSSBUL _dSSBUL |
||
| 082 |
_223 _a၆၃၄.၉၇၄ လင်း ၁၅၉၉၃ (S-SAT) |
||
| 100 |
_a လင်းသူ၊ _cမောင်၊ _g(ညောင်ဦး)။ _927998 |
||
| 245 |
_aထန်းနှင့်ထန်းလုပ်ငန်းဆိုင်ရာ သိကောင်းစရာ / _cမောင်လင်းသူ(ညောင်ဦး)။ |
||
| 260 |
_aရန်ကုန်၊ _bစာပေဗိမာန်၊ _c၁၉၈၉။ |
||
| 300 |
_a၁၉၈ စာမျက်နှာ၊ _c၁၈ စင်တီ။ |
||
| 440 |
_aစာပေဗိမာန်ထုတ်ပြည်သူ့လက်စွဲစာစဉ်။ _927757 |
||
| 500 | _a၁၉၈၆ ခုနှစ်၊ စာပေဗိမာန်စာမူဆုသုတပဒေသာ(ဝိဇ္ဇာပညာရပ်) ပထမဆုရစာအုပ်ဖြစ်သည်။ | ||
| 500 | _aS-SAT: Dr. Prof Sai Aung Tun | ||
| 504 | _6ကျမ်းကိုးစာရင်းပါရှိသည်။ | ||
| 650 |
_aထန်းပင်။ _927999 |
||
| 650 |
_aထန်းစိုက်ပျိုးခြင်း။ _928000 |
||
| 650 |
_aထန်းလုပ်ငန်း။ _928001 |
||
| 942 |
_2ddc _cBK1 |
||
| 999 |
_c27217 _d27217 |
||